| 000 | 00712nam a2200229 i 4500 | ||
|---|---|---|---|
| 001 | 78394 | ||
| 003 | ES-MaACL | ||
| 005 | 20250801150938.0 | ||
| 007 | t| | ||
| 008 | 041014s1969 sp ||||1| spa d | ||
| 100 | 1 |
_aHauser, Arnold. _962109 |
|
| 245 | 1 | 0 |
_aLiteratura y Manierismo / _cArnold Hauser ; [lo tradujo Felipe González Vicen]. |
| 260 |
_aMadrid : _bGuadarrama, _c[1969] |
||
| 300 |
_a254 p. ; _c18 cm. |
||
| 490 | 1 |
_aPunto omega ; _v39 |
|
| 650 | 7 |
_aManierismo (Literatura) _2embne _9172744 |
|
| 650 |
_aLiteratura- _xHistoria y crítica. _914489 |
||
| 700 | 1 |
_aGonzález Vicen, Felipe. _959017 |
|
| 830 | 1 |
_aPunto omega ; _v39 _9180707 |
|
| 852 |
_aES-MaACL _jC-35856 |
||
| 999 |
_c78394 _d78394 |
||